Allgemeinwissen-Quiz #43 - Statistiken

Allgemein
  • Dieses Quiz wurde 74 mal gespielt
  • Das Durchschnittsergebnis liegt bei 13 aus 20
Antwortstatistiken
Frage Antwort % Korrekt
Welche europäische Stadt wurde im Jahr 79 n. Chr. von einem Vulkanausbruch zerstört? Pompeji
100%
Ich bin das grösste Organ des menschlichen Körpers – äusserlich wie funktionell. Was bin ich? Haut
98%
Was ist die Quadratwurzel aus 625? 25
94%
Welcher Kartenausschnitt zeigt die Mongolei und Russland?
87%
Auf welchem Bild sehen wir ein Garten-Stiefmütterchen?
87%
Ich bin eine fiktive Insel, erstmals von Thomas Morus beschrieben, wo eine ideale Gesellschaft lebt. Mein Name ist sprichwörtlich geworden. Wie heisse ich? Utopia
77%
Ich war ein Universalgelehrter der Renaissance, malte das letzte Abendmahl und entwarf frühe Fluggeräte. Leonardo da Vinci
76%
In welches Meer mündet die Donau? Schwarzes Meer
74%
Von welchem Hersteller stammt der Sportwagen Aventador? Lamborghini
71%
Was wird am 1. Mai in manchen Kantonen der Schweiz gefeiert? Tag der Arbeit
71%
Welche dieser Stirnen gehört zu Julia Roberts?
68%
Welcher deutsche Philosoph prägte den Begriff "Übermensch"? Friedrich Nietzsche
65%
Welche Zahl ergibt sich, wenn man alle Primzahlen unter 10 addiert? 17
63%
Wie nennt man in der Philosophie die Lehre, nach der nur das eigene Ich sicher existiert? Solipsismus
58%
Ich bin eine berühmte Statue ohne Arme, die in Paris steht und aus der Antike stammt. Venus von Milo
58%
Wessen Theorie brachte das heliozentrische Weltbild in die wissenschaftliche Diskussion der Neuzeit? Nikolaus Kopernikus
39%
Was entsteht beim Kreuzprodukt zweier Vektoren? Ein Vektor
29%
In welcher Netflix-Serie wurde der Schauspieler Owen Cooper durch seine Rolle bekannt? Adolescence
23%
Gegen welches Team verloren die Lakers in der ersten Runde der NBA Playoffs 2025? Minnesota Timberwolves
21%
Welche Farbe hat das Universum im Mittel, wenn man das Licht aller Galaxien kombiniert? Beige
8%
Keine übereinstimmenden Quizze gefunden
Verteilung der Resultate
Anzahl Personen mit jedem Resultat
Perzentil nach korrekt beantworteten Fragen
Ihre Resultats-Entwicklung
Sie haben dieses Quiz noch nicht gespielt